History Quiz

Random History or Color Quiz

History in Color Quiz Stats

 Plays Quiz Updated Nov 2, 2014

Score 0/20 Timer 04:00
3 Plays Today
% Correct
Albert Einstein
98.2%
Marilyn Monroe
96.2%
Lincoln, McClernand & Pinkerton
89.3%
Theodore Roosevelt
78.4%
Audrey Hepburn
75.5%
Louis Armstrong
74.6%
Helen Keller & Charlie Chaplin
64.5%
Lee Harvey Oswald
64.4%
Ernesto Che Guevara
61.7%
Mark Twain
60.5%
% Correct
Elizabeth Taylor
58.4%
Charles Darwin
58%
Lou Gehrig
57.1%
Edgar Allan Poe
54.9%
Claude Monet
53.2%
Clint Eastwood
50.2%
Jimmy Stewart
33.8%
Marie Curie
23.4%
Henry Ford
18.7%
Walt Whitman
16.5%

You're not logged in!

Compare scores with friends on all Sporcle quizzes.
Join for Free
OR
Log In

You Might Also Like...

Show Comments

Extras

Top Quizzes Today


Score Distribution

Your Account Isn't Verified!

In order to create a playlist on Sporcle, you need to verify the email address you used during registration. Go to your Sporcle Settings to finish the process.

Report this User

Report this user for behavior that violates our Community Guidelines.

Details: